000 00298nam a2200121Ia 4500
008 190216s9999||||xx |||||||||||||| ||und||
100 _aMadan Rl & Tuli Gd
245 0 _aInorganic Chemistry (question And Answers)
260 _bS Chand & Co
300 _a706
650 _aChemistry
942 _cBK
999 _c3373
_d3373